Statistics for Arnold Schwarzenegger Quotes Quiz

Click here to take the quiz!

General Stats

  • This quiz has been taken 27,270 times
    (7,181 since last reset)
  • The average score is 9 of 15

Answer Stats

MovieQuote% Correct
Terminator 2Hasta la vista, {baby}
99%
TerminatorI'll be {back}
98%
PredatorIf it bleeds, we can {kill} it
90%
Batman and RobinWhat killed the dinosaurs? The {ice} age
86%
PredatorGet to da {choppa}!!!
77%
CommandoLet off some {steam}, Bennett.
76%
CommandoRemember, Sully, when I promised to kill you last? I {lied}
69%
PredatorYou used to be someone I could {trust}
69%
Kindergarten CopWho is your {daddy} and what does he do?
66%
Kindergarten CopIt's not a {tumor}
48%
Kindergarten CopI'm a cop, you {idiot}
41%
Total RecallCome on, Cohaagen! You got what you want. Give those people {air}! 
37%
Total RecallGet your *** to {Mars}
37%
Conan the BarbarianTo crush your enemies, see them driven before you, and to hear the
lamentation of their {women}
31%
Jingle All the WayPut that {cookie} down
23%

Score Distribution

Percentile by Number Answered

Percent of People with Each Score

Your Score History

You have not taken this quiz since the last reset